MDQL
is popping MORE tags! Check the
thread
!
Quizzes
Events
Quiz Creation
Community
Videos
Private Events
Remove Ads
Sign In
Join for FREE
Feedback
Dark Mode
Quiz Categories
Sports
Geography
Music
Movies
Television
Just For Fun
Miscellaneous
History
Literature
Language
Science
Gaming
Entertainment
Religion
Holiday
For Kids
Quiz Lab
Recent
Popular Today
Quiz Kudos Today
Editor Picks
Curator Picks
Quizzes by...
Day
Popularity
Type
Ratings
Length
Year
Community
Subscriptions
Recent Discussions
Orange Saloon
Badges
Playlists
Quests
Create
Leaderboards
Showdown
Live 5
Trivia Bingo
Activity
Puzzle Library
Sporcle Events
Private Events
Virtual Trivia
Globe League
Become a Host
Pub Owners
SporcleCon
Opinionation
Our Games
Videos
Blog
Mobile Apps
Partnerships
Remove Ads and Go Orange
Feedback
Sports
Athletes
MLB
NBA
NHL
NFL
Soccer
Sports Teams
WWE
NCAA
Football
Premier League
Basketball
Baseball
Hockey
Golf
Tennis
Cricket
Rugby
Auto Racing
Olympics
World Cup
Sports
Athletes
MLB
NBA
NHL
NFL
Soccer
Sports Teams
WWE
NCAA
Football
Premier League
Basketball
Baseball
Hockey
Golf
Tennis
Cricket
Rugby
Auto Racing
Olympics
World Cup
Random Quiz
Search Sporcle
×
Quiz Lab
Quiz Lab
Sports
NCAA
Type in answers that appear in a list
Type in answers that appear in a list
Classic
Best Score? Go Orange.
NCAA Career Passing Leaders Stats
Can you name the NCAA FBS career passing leaders?
By
fuzzy510
10m
30 Questions
475 Plays
475 Plays
475 Plays
Comments
Comments
Give Quiz Kudos
Give Quiz Kudos
-
- Ratings
hide this ad
Replay
Link that replays current quiz
Next Quiz
Link to next quiz in quiz playlist
You Got
0%
They Got
Avg Score
36%
Avg Friend Score
Upgrade to see
Score Distribution
Jump to the score distribution portion of the page
Score
0/30
Timer
10:00
0
Plays Today
Yards
Quarterback
% Correct
14,193
Colt Brennan
82.5%
15,031
Ty Detmer
71.6%
13,484
Philip Rivers
71.2%
15,793
Graham Harrell
70.3%
11,388
Carson Palmer
68.4%
11,084
Jordan Palmer
68.2%
11,201
Peyton Manning
66.9%
17,072
Timmy Chang
65.1%
11,903
Byron Leftwich
61.9%
11,762
Brady Quinn
58.1%
12,515
Chase Daniel
56.4%
12,429
Kliff Kingsbury
42.3%
11,213
Chris Leak
34.3%
12,964
Kevin Kolb
32.6%
11,528
David Greene
31.6%
Yards
Quarterback
% Correct
10,924
Paul Smith
28.8%
11,163
Curtis Painter
25.3%
12,746
Tim Rattay
25.1%
11,249
Derek Anderson
24.2%
12,666
Luke McCown
19.2%
11,021
John Beck
17.9%
12,541
Chris Redman
16.8%
11,049
Charlie Frye
16%
11,153
Eric Zeier
9.1%
11,846
Chase Holbrook
7.6%
10,913
Alex Van Pelt
6.3%
11,453
Gino Guidugli
5.1%
11,425
Todd Santos
3.2%
11,299
Tim Lester
2.9%
10,976
Ryan Schneider
1.5%
Quiz Playlist
Details
Report
Send in Message
Add To Playlist
Classic:
Type in answers that appear in a list
Quiz Source
Last Updated: Feb 16, 2017
Quiz Scoreboard
CHALLENGE
Sign Up to Join the Scoreboard
Show All
Scores
Hide
Comments
May contain spoilers
Recently Published
Two Season TV Shows II
by 123Four
Television
10m
Image Sorting: Flags VI
by Barbecue
Geography
2m
Find the 'City' Movie
by crazypaving
Movies
60s
More to Explore
Quiz From the Vault
Featured Blog Post
14 Easter Pick-up Lines to Find Eggs With
hide this ad
You Might Also Like...
Tags
NCAA Quiz
Career
FBS
Passing
Quarterbacks
school
Yard
Today's Top Quizzes in Sports
Browse Sports
hide this ad
Today's Top Quizzes in NCAA
Browse NCAA
Top Contributed Quizzes in Sports
1
Les meilleurs buteurs des matchs entre le PSG et l’OM
2
Les entraîneurs de l'OM et du PSG au 21e siècle
3
2022 World Cup Stars
4
Les joueurs passés par le PSG et l'OM
5
Players with Multiple 50 Home Run Seasons
6
FIFA Club World Cup Champions
7
Criteria MLB: Left Handed Sluggers
8
Les joueurs passés par le LOSC et le RC Lens
9
Top 10 NHL Goal Scorers of All Time
10
NBA Logic Puzzle 2.0
Explore More
Trending Topics
Anime
NBA
Disney
Crossword
Marvel
Kpop
Harry Potter
Country
Song
WWE
The Office
Soccer
Pokémon
NFL
Puzzle
hide this ad
More By:
fuzzy510
Quiz
Plays
Rating
Category
Featured
Created
NFL 1500-yard rushers
4,173
4.41
Sports
Sep 29, 2009
World Golf Rankings Top 10
3,120
4.89
Sports
Apr 11, 2010
NCAA Lacrosse Teams
1,331
5.00
Sports
Dec 27, 2009
NCAA FCS (1-AA) Champions
1,207
4.57
Sports
Sep 30, 2009
NASCAR Drivers 2010
823
5.00
Sports
Feb 7, 2010
Go to Creator's Profile
Score Distribution
Quiz Creator Spotlight
fuzzy510
Follow
Send a Message
Quizzes Created
-
Created Quiz Play Count
-
More By This Creator
Popular Quizzes Today
1
Find the US States - No Outlines Minefield
2
Colored Red Africa Blitz
3
Find the 'City' Movie
4
5x2 Blitz: Bands
5
The Countries of the World
6
Find the Countries of Europe - No Outlines Minefield
7
Find the US States
8
US States
More Sports Quizzes
NFL Coaches: 100 Wins, One Team
Published
Trending Quizzes
Colored Red Europe Blitz I
Colored Red Africa Blitz II
Colored Red Europe Blitz II
Colored Red Africa Blitz III
Even More Two Season TV Shows
Recently Updated
March Madness Men's Triple Doubles
pecheneg
How Do You Spell That?
pecheneg
Godzilla Movies
pecheneg
Grab Bag: 4-10 Letters
pecheneg
2024 March Madness Bracket
pecheneg
Famous TV Couples
Peacemaker
Champions League XIs: Real Madrid
pecheneg
Largest US Cities 1790-2010
pecheneg
Rides in Walt Disney World
pecheneg
Most Oscar Losses (Acting)
pecheneg
Trending Topics
Marvel
Crossword
NBA
Kpop
Disney
Harry Potter
Anime
Country
Pokémon
Song
The Office
Puzzle
Soccer
WWE
NFL
Your Account Isn't Verified!
In order to create a playlist on Sporcle, you need to verify the email address you used during registration. Go to your
Sporcle Settings
to finish the process.
Report this User
Report this user for behavior that violates our
Community Guidelines
.
Details:
Send Report
Go to the Sporcle.com Mobile Site →
Comments